Electric machines and drives
Salvato in:
| Autore principale: | |
|---|---|
| Natura: | Libro |
| Lingua: | inglese |
| Pubblicazione: |
Reading
Addison-Wesley
1992
|
| Serie: | Addison Wesley Series in Electrical Engineering
|
| Soggetti: | |
| Tags: |
Aggiungi Tag
Nessun Tag, puoi essere il primo ad aggiungerne!!
|
MARC
| LEADER | 00000nam a2200000 a 4500 | ||
|---|---|---|---|
| 001 | UCU4978 | ||
| 003 | CL-VaPUC | ||
| 008 | 960531e19920000US |||||||||||||||||eng|d | ||
| 082 | 0 | 4 | |a 621.310 |b SLE |2 21 |
| 100 | 0 | |a Slemon, Gordon R |e author |9 362814 | |
| 245 | 1 | 0 | |a Electric machines and drives |
| 300 | |a 556 p | ||
| 942 | |c BK | ||
| 945 | |d 19960531 00:00:00 |a rleighto | ||
| 260 | |a Reading |b Addison-Wesley |c 1992 | ||
| 650 | 0 | |a Máquinas eléctricas |9 260079 | |
| 650 | 7 | |a CAMPOS MAGNETICOS |2 CL-VaPUC |9 362815 | |
| 650 | 0 | |a Transistores |9 260330 | |
| 650 | 7 | |a CONMUTADORES |2 CL-VaPUC |9 362816 | |
| 650 | 0 | |a Semiconductores |9 260250 | |
| 650 | 0 | |a Motores síncronicos |9 306219 | |
| 650 | 0 | |a Ingeniería eléctrica |9 260573 | |
| 583 | |a last modification |c 19960531 00:00:00 |k Rodrigo Vera | ||
| 490 | 0 | |a Addison Wesley Series in Electrical Engineering | |
| 999 | |c 248500 |d 248498 | ||
| 952 | |0 0 |1 0 |4 0 |6 621_310000000000000_SLE_1992 |7 0 |8 A |9 265163 |a BIBING |b BIBING |d 2019-11-19 |i 3206181 |l 1 |o 621.310 SLE 1992 |p 3206181 |r 2025-01-20 |s 2022-03-18 |w 2019-11-19 |y BK |k EIE | ||